| 000 | 00732nam a22002177a 4500 | ||
|---|---|---|---|
| 999 |
_c19706 _d19706 |
||
| 003 | AR-CdUCM | ||
| 008 | 190404b ||||| |||| 00| 0 spa d | ||
| 040 |
_aMUNICIPALIDAD PROVINCIAL DEL CUSCO _cBIBLIOTECA MUNICIPAL DEL CUSCO |
||
| 082 |
_a398.56 / _bL96 |
||
| 100 |
_aLuna, Lizandro _916131 |
||
| 245 | _aMascaras del Altiplano / | ||
| 260 |
_aPuno : _bSamuel Frisancho Pineda, _c1983. |
||
| 300 |
_a103 páginas ; _bimágenes, _c21 cm. |
||
| 505 | _aContenido: Danzas vernaculares del Kollao -- El dia del Indio del Kollao -- La danza satírica... | ||
| 650 |
_aFolklore. _91081 |
||
| 650 |
_aCoreografía Kollao. _941215 |
||
| 650 |
_aAzangaro _929663 |
||
| 650 |
_aCostumbres. _9230 |
||
| 942 |
_2ddc _cLIBROS |
||
| 945 | _arcc | ||